Let the trumpet sound : (Record no. 778)

MARC details
000 -LEADER
fixed length control field 00608nam a2200217 a 4500
005 - DATE AND TIME OF LATEST TRANSACTION
control field 20260322212034.0
008 - FIXED-LENGTH DATA ELEMENTS--GENERAL INFORMATION
fixed length control field data
010 ## - LIBRARY OF CONGRESS CONTROL NUMBER
LC control number 83-8352
020 ## - INTERNATIONAL STANDARD BOOK NUMBER
International Standard Book Number 0452256275
020 ## - INTERNATIONAL STANDARD BOOK NUMBER
International Standard Book Number 978-0-452-25627-9
099 ## - LOCAL FREE-TEXT CALL NUMBER (OCLC)
Classification number 92 K53l
001 - CONTROL NUMBER
control field data
100 1# - MAIN ENTRY--PERSONAL NAME
Personal name Oates, Stephen
245 10 - TITLE STATEMENT
Title Let the trumpet sound :
Remainder of title the life of Martin Luther King, Jr.
Statement of responsibility, etc. Stephen Oates
260 ## - PUBLICATION, DISTRIBUTION, ETC.
Place of publication, distribution, etc. Harper & Row
Name of publisher, distributor, etc. New American Library
Date of publication, distribution, etc. c1983
300 ## - PHYSICAL DESCRIPTION
Extent 560 p.
500 ## - GENERAL NOTE
General note Includes index and bibliographical references
650 02 - SUBJECT ADDED ENTRY--TOPICAL TERM
Topical term or geographic name entry element Blacks
Form subdivision biography
650 02 - SUBJECT ADDED ENTRY--TOPICAL TERM
Topical term or geographic name entry element Blacks
General subdivision history
650 #4 - SUBJECT ADDED ENTRY--TOPICAL TERM
Topical term or geographic name entry element King, Martin Luther, Jr., 1929-1968.
Holdings
Withdrawn status Lost status Damaged status Not for loan Home library Current library Shelving location Date acquired Total checkouts Full call number Barcode Date last seen Price effective from Koha item type
        Centerville Centerville General stacks 22/03/2026   GEN BC0010800 22/03/2026 22/03/2026 Books